000 00443nam a2200169Ia 4500
008 241127s9999||||xx |||||||||||||| ||und||
020 _a9780135078198
_c110110
040 _beng
_cSSK Library
_erda
082 _a658.4013/FOS
100 _a S. Thomas Foster -
245 0 _aManaging Quality: Integrating The Supply Chain
250 _a4th ed.
260 _b Pearson
_c©2010
942 _22ddc
_cBOOK
_nNo
999 _c9971
_d9971
003 OSt
005 20241127152819.0